Trasa Linii 120 (MPK KRAKÓW) - Statystyki

Ogólne statystyki
  • Ten quiz został rozwiązany 7 razy
  • Średni wynik to 22 z 28
Statystyki odpowiedzi
Lp. Ulica Przystanek % Poprawnych
7. Batalionu "Skała" AK Batalionu "Skała" AK
100%
28. Balicka Bronowice Małe
100%
19. Ojcowska Bronowice Wielkie
100%
18. (NŻ) Gaik Gaik
100%
1. Prądnicka Nowy Kleparz
100%
20 Ojcowska Ojcowska
100%
24. Armii KrajowejRadzikowskiego Rondo Ofiar Katynia
100%
17. Gaik Tonie
100%
15. Władysława Łokietka Tonie Skrzyżowanie
100%
5. Wybickiego Wybickiego
100%
8. Wyki Wyki
100%
4. Wybickiego Doktora Twardego Bratysławska
75%
27. ↓ Balicka Bronowice Małe
75%
25. Armii Krajowej Bronowice SKA
75%
26. ↓ Balicka Bronowice SKA
75%
3. Doktora Twardego Szpital Narutowicza
75%
14. Władysława Łokietka Gospodarska
75%
23. Radzikowskiego Katowicka
75%
16. Gaik Na Budzyniu
75%
2. ↓ Prądnicka Nowy Kleparz
75%
22. Ojcowska Ojcowska Dworek
75%
21. Ojcowska Ojcowska Wągroda
75%
9. (NŻ) Władysława Łokietka Pachońskiego Skrajna
75%
13. Władysława Łokietka Poziomkowa
50%
12. Władysława Łokietka Starego Wiarusa
50%
6. Władysława Łokietka Władysława Łokietka
50%
11. Władysława Łokietka Chabrowa
25%
10. (NŻ) Władysława Łokietka Jordanowska
25%
Nie znaleziono quizów pasujących do podanych kryteriów
Rozkład punktacji
Procent ludzi z każdym wynikiem
Percentyl według liczby udzielonych odpowiedzi
Twoja historia wyników
Nie rozwiązałeś tego quizu